[Event "EICC 2017"]
[Site "Minsk"]
[Date "2017.06.09"]
[Round "10"]
[White "Indjic, Aleksandar"]
[Black "Davtyan, Artur"]
[Result "1-0"]
[WhiteElo "2587"]
[BlackElo "2216"]
[Annotator "TA"]
[PlyCount "127"]
[EventDate "2017.??.??"]
[EventCountry "BLR"]
[SourceTitle "playchess.com"]
[Source "ChessBase"]
[SourceQuality "1"]

{[%evp 35,127,7,13,7,22,11,10,0,0,0,22,19,25,21,23,21,58,56,81,87,87,57,93,100,93,93,93,93,93,91,97,89,89,88,91,91,93,96,102,75,76,53,96,53,55,64,253,247,255,253,248,242,244,231,229,190,312,312,308,308,302,295,295,269,335,322,479,458,479,462,451,449,379,423,325,322,292,278,172,8,8,8,8,8,102,42,29979,29980,29980,29981,29981,29982,29982,29983]} 1. d4 d5 2. c4 e6 3. Nf3 Nf6 4. Nc3 Be7 5. Bg5 h6 6. Bxf6 Bxf6 7. e3 O-O 8. Rc1 c6 9. Bd3 Nd7 10. O-O dxc4 11. Bxc4 e5 12. h3 exd4 13. exd4 Nb6 14. Bb3 Bf5 15. Re1 Re8 16. Rxe8+ Qxe8 17. Qd2 Qd7 18. Re1 Rd8 19. Qf4 {D55: Queen's Gambit Declined: 4 Bg5 Be7: Lines without ...h6 and 6...h6 7 Bxf6} Nd5 20. Nxd5 cxd5 21. Ne5 {The position is equal.} Qe6 22. h4 $146 ({Predecessor:} 22. Qf3 Bg5 23. a4 Bf6 24. Re3 Bg5 25. Re2 b6 26. Ba2 a6 {1-0 (61) Prchly,M (2270)-Hnilicka,M (2175) Czechia 2003}) 22... Bh7 23. Nf3 Qb6 24. Bxd5 Bg6 25. Bb3 Bxd4 26. Ne5 $1 $36 {[%cal Re5f7][%mdl 2048] White fights for an advantage.} Bxe5 27. Rxe5 Qd6 28. Qe3 {h5 is the strong threat.} h5 29. Rd5 Qc7 30. Rxd8+ Qxd8 31. Qxa7 Qd2 32. Qb8+ $1 ({But not} 32. Qxb7 $6 Qe1+ 33. Kh2 Qxf2 $11) 32... Kh7 33. Qe5 (33. Qxb7 $6 Qe1+ 34. Kh2 Qxf2 $11) 33... Qc1+ 34. Kh2 Qd2 35. Kg3 f6 36. Qc3 $1 {[%cal Rc3d2]} Qd6+ 37. f4 Qd7 38. Qf3 Qd2 39. Qf2 ({Reject} 39. Qxb7 Qe1+ 40. Kh2 Qxh4+ 41. Kg1 Qxf4 $15) 39... Qd3+ 40. Kh2 $1 Bf5 $2 (40... b5 $14) 41. Qf3 $18 Qxf3 42. gxf3 {[%mdl 4096] Endgame KB-KB} Bd7 43. Bf7 Kh6 44. Kg3 b6 45. a3 g6 (45... Kh7 $142 46. Bxh5 Be6) 46. Bd5 Kg7 47. Kf2 Be8 48. Ke3 Kh6 49. Kd4 Bd7 50. Be4 Bc8 (50... Ba4 {keeps fighting.} 51. Ke3 Bb3) 51. Kd5 g5 52. fxg5+ fxg5 53. hxg5+ Kxg5 54. Ke5 $1 h4 {[%cal Bh5h4,Bh4h3,Bh3h2][%mdl 32]} 55. f4+ Kh6 56. Kd6 h3 57. Kc7 $2 (57. f5 $1 $18 {[%cal Rf5f6] Threatens to win with f6.} Kg5 58. Ke5) 57... Ba6 $1 $11 {[%cal Ra6f1] Hoping for ...Bf1.} 58. Kxb6 Bf1 $1 {[%cal Rf1g2]} 59. Bf5 $1 {[%cal Rf5h3]} h2 60. Be4 Kh5 $2 {[%mdl 8192] [#]} (60... Bd3 $14 61. Ba8 Bc2) 61. a4 $1 {[%cal Ba3a4,Ba4a5,Ba5a6][%mdl 32] White mates.} Kg4 {[#]} 62. a5 $1 {[%cal Ra5a6]} Kxf4 63. Bh1 Kg3 64. a6 {Precision: White = 81%, Black = 58%.} 1-0

[Event "EICC 2017"]
[Site "Minsk"]
[Date "2017.06.09"]
[Round "10"]
[White "Azarov, Sergei"]
[Black "Baghdasaryan, Vahe"]
[Result "1-0"]
[WhiteElo "2582"]
[BlackElo "2449"]
[Annotator "TA"]
[PlyCount "61"]
[EventDate "2017.??.??"]
[EventCountry "BLR"]
[SourceTitle "playchess.com"]
[Source "ChessBase"]
[SourceQuality "1"]

{[%evp 24,61,-29,-81,118,124,120,53,379,358,365,363,450,336,403,403,378,218,481,213,1099,1097,1068,1063,1039,954,936,1021,1012,1012,990,962,933,893,1080,1013,1059,1040,1031,1008]} 1. e4 c5 2. Nf3 d6 3. d4 cxd4 4. Nxd4 Nf6 5. Nc3 a6 6. Bg5 e6 7. f4 h6 8. Bh4 Qb6 9. Qd2 Qxb2 10. Rb1 Qa3 11. e5 dxe5 {B97: Sicilian Najdorf: Poisoned Pawn} 12. fxe5 g5 13. Bg3 {[#] LiveBook: 11 Games} (13. Bf2 $11 Ng4 14. Bg3) 13... Nd5 $146 (13... Nh5 $1 $17 14. Bf2 Nd7) ({Predecessor:} 13... Nh5 14. Ne4 Nd7 15. Rb3 Qxa2 16. Be2 Nc5 17. Nc3 Nxb3 18. Nxb3 Bb4 19. Bxh5 Qb2 20. O-O Qxc3 21. Bxf7+ Ke7 22. Qf2 Kd7 23. Qb6 Rf8 24. Be1 {1-0 (24) Radjabov,T (2731)-Grischuk,A (2810) Tbilisi 2015}) 14. Nxd5 $16 exd5 {[#]} 15. e6 $1 {[%mdl 512]} fxe6 $2 {[%mdl 8192]} (15... Bxe6 $14 16. Rxb7 Nd7) 16. Rb3 $18 Qe7 17. Be2 {Black must now prevent Bh5+.} h5 18. Rf1 Bg7 19. Qd3 Kd8 20. Rc3 (20. Rb6 $142 Qc5 21. Nxe6+ Bxe6 22. Rxe6 Qb4+ 23. Kd1 Qb1+ 24. Kd2 Qb4+ 25. Kd1) 20... Qb4 $2 (20... e5 {is a better defense.}) 21. Qd2 (21. Bc7+ $142 Ke7 22. Bxh5 $1 {[%mdl 512]}) 21... Qxd4 $2 (21... Nc6 22. Nxc6+ (22. Qxg5+ Qe7 $16) 22... bxc6 23. Qxg5+ Qe7 24. Qxe7+ Kxe7 25. Rxc6 Bd4) 22. Qxg5+ {White is clearly winning.} Bf6 23. Rxf6 ({Not} 23. Qxf6+ Qxf6 24. Rxf6 Nc6 $16) 23... Qxc3+ {[#]} 24. Kd1 $1 Qd4+ {[#]} 25. Kc1 $1 {White wants to mate with Rxe6+.} Qa1+ 26. Kd2 {White threatens Rxe6+ and mate.} Qd4+ 27. Bd3 {Threatening mate with Rxe6+.} Qb4+ 28. Kc1 Qe7 {[#]} 29. Bd6 $1 {[%mdl 512] Intending Rf8+! and mate.} Re8 (29... Qxd6 30. Rf7+) 30. Bxe7+ Rxe7 31. Rf8+ {Precision: White = 41%, Black = 14%.} 1-0

[Event "EICC 2017"]
[Site "Minsk"]
[Date "2017.06.09"]
[Round "10"]
[White "Jojua, Davit"]
[Black "Kovalenko, Igor"]
[Result "0-1"]
[WhiteElo "2581"]
[BlackElo "2657"]
[Annotator "TA"]
[PlyCount "102"]
[EventDate "2017.??.??"]
[EventCountry "BLR"]
[SourceTitle "playchess.com"]
[Source "ChessBase"]
[SourceQuality "1"]

{[%evp 17,102,17,24,24,25,20,33,39,40,41,44,42,105,97,107,119,150,166,198,33,34,31,37,37,47,32,38,29,30,38,50,18,33,25,33,0,30,20,61,0,4,0,0,0,0,-2,0,0,3,0,8,-25,-25,-25,-25,-25,-29,-33,-30,-59,-2,-4,0,-218,-25,-242,-246,-231,-184,-351,-341,-346,-337,-336,-322,-353,-333,-460,-389,-628,-623,-849,-819,-2500,-2008,-1593,-1519]} 1. d4 d5 2. c4 e6 3. Nf3 Nf6 4. g3 Bb4+ 5. Bd2 Be7 6. Bg2 Nbd7 7. Qc2 c6 8. O-O O-O 9. Bf4 h6 {LiveBook: 4 Games. E11: Bogo-Indian} (9... b6 10. cxd5 cxd5 11. Ne5 Nxe5 12. Bxe5 Bb7 13. Nc3 Rc8 14. Rac1 Ne4 15. Qd3 Nd6 16. b3 Qd7 17. Bf4 h6 18. Bd2 Rc6 {½-½ (80) Inarkiev,E (2709)-Karjakin,S (2785) Doha 2016}) 10. Rd1 b6 11. Nc3 Ba6 {The position is equal.} 12. Ne5 $146 ({Predecessor:} 12. cxd5 cxd5 13. Qa4 Bb7 14. Rac1 a6 15. Qb3 Rc8 16. Ne5 Nxe5 17. Bxe5 Nd7 18. Bf4 {0-1 (65) Grabarczyk,M (2452)-Kovalenko,I (2596) Trzcianka 2013}) 12... Rc8 13. Qa4 Nb8 14. cxd5 cxd5 {[#]} (14... Nxd5 $14 15. Bf3 b5) 15. Nxf7 $1 $16 {[%mdl 512]} Rxf7 16. Bxb8 $1 Bxe2 17. Nxe2 {aiming for Be5.} Rxb8 {[#]} 18. Nf4 $2 ({Don't do} 18. Qxa7 $6 Ra8 $14) (18. Bh3 $1 $18) 18... Bd6 $14 {And now ...Bxf4 would win.} 19. Nd3 Rc8 20. Rac1 g5 21. Re1 Rxc1 22. Nxc1 Qc8 23. Qd1 Ne8 {[%cal Bf6e8,Be8g7,Bg7f5][%mdl 32]} 24. Qd3 {Qg6+ is the strong threat.} Rf6 25. Ne2 Ng7 26. Rc1 Qd7 27. Nc3 h5 28. Qb5 ({Better is} 28. Nb5 $14) 28... Rf7 29. Bh3 g4 30. Bg2 Nf5 31. Qd3 Kg7 32. Re1 Rf6 33. h3 Qf7 34. Nd1 gxh3 35. Bxh3 h4 {[%cal Rh4g3]} 36. Bxf5 Rxf5 37. gxh4 Qf6 38. Kf1 Kf7 (38... Rh5 $15 39. Ke2 Rxh4 40. Rg1+ Kf7) 39. Re3 $11 Qxh4 40. Rf3 $2 (40. Rh3 $11 {and White has nothing to worry.} Qg4 41. Rh7+ Kg8 42. Rh1) 40... Qh1+ $19 41. Ke2 Qh5 42. Nc3 Be7 43. Nb1 $2 {[#]} (43. Nb5) 43... Bg5 $1 {[%cal Rg5c1]} 44. Na3 {[#]} a6 $1 {[%cal Ba7a6,Ba6a5][%mdl 544]} 45. Nc2 {[#]} (45. Qxa6 Qxf3+) 45... Bd2 $1 {[%mdl 512]} 46. a4 (46. Qxd2 Qxf3+) 46... Qg4 47. b3 Ke7 48. Na3 $2 (48. b4 Kd8 49. b5) 48... Bb4 {Black is clearly winning.} 49. Nc2 a5 50. Qe3 Kd8 51. Qd3 Rf4 {Precision: White = 56%, Black = 64%.} 0-1

[Event "EICC 2017"]
[Site "Minsk"]
[Date "2017.06.09"]
[Round "10"]
[White "Antipov, Mikhail Al"]
[Black "Jones, Gawain C B"]
[Result "0-1"]
[WhiteElo "2576"]
[BlackElo "2654"]
[Annotator "TA"]
[PlyCount "118"]
[EventDate "2017.??.??"]
[EventCountry "BLR"]
[SourceTitle "playchess.com"]
[Source "ChessBase"]
[SourceQuality "1"]

{[%evp 16,118,4,0,0,0,0,0,0,0,0,-8,-8,-8,0,-36,-37,-35,0,-6,47,52,52,0,0,0,0,0,0,0,0,0,0,0,14,0,8,3,22,14,19,0,0,0,0,-14,192,183,245,288,311,314,343,376,427,423,419,419,453,448,472,391,402,400,376,160,527,416,410,414,393,383,340,0,304,239,201,213,763,226,218,208,886,897,813,775,775,0,13,13,13,26,18,0,0,-506,-540,-688,-688,-688,-688,-666,-625,-5106,-625]} 1. e4 e5 2. Nf3 Nc6 3. Bb5 a6 4. Ba4 Nf6 5. O-O b5 6. Bb3 Bc5 7. d3 d6 8. a4 Rb8 {C78: Ruy Lopez: Archangelsk and Möller Defences} 9. Be3 {LiveBook: 9 Games} Bxe3 10. fxe3 Na5 $146 {The position is equal.} ({Predecessor:} 10... O-O 11. axb5 axb5 12. Nbd2 Ne7 13. Nh4 Be6 14. Kh1 c6 15. c4 bxc4 16. Bxc4 Rxb2 17. Bxe6 {½-½ (17) Karjakin,S (2723)-Svidler,P (2754) Moscow 2009}) 11. Ba2 bxa4 12. Nc3 Rxb2 13. Qe1 c6 14. Nxa4 Rb7 15. Qc3 O-O 16. Qa3 c5 17. Bd5 Nxd5 (17... Rc7 $1 $11) 18. exd5 $14 {[#]} e4 $1 {[%mdl 512]} 19. dxe4 (19. Nd2 $1 $14) 19... Nc4 $11 20. Qd3 Rb4 21. Rfb1 {Hoping for Rxb4.} Qf6 22. c3 $1 {[%cal Rc3b4]} Ne5 23. Nxe5 Rxb1+ 24. Rxb1 Qxe5 25. Nb6 Qe7 26. Nc4 f5 27. e5 $36 {[%mdl 2048] Black is under pressure.} dxe5 28. d6 Qe6 29. Nb6 e4 30. Qd1 {Threatens to win with d7.} Bb7 $2 (30... Rd8 $11) 31. Na4 $1 $18 {[%csl LRb7,LRc5][%cal Ra4c5]} Bc6 (31... Bd5 {was called for.}) 32. Nxc5 Qh6 33. Qd4 Rd8 34. d7 Qf6 35. Qc4+ Qf7 36. Qxa6 Qd5 37. Qb6 Ra8 38. Qb8+ Kf7 39. Qc7 Kg6 40. Qg3+ (40. d8=Q $18 {Qde7 would kill now.} Rxd8 41. Ne6 $1 {[%mdl 512]} Qxe6 42. Qxd8) 40... Kh5 $2 (40... Kf6 $16 {is tougher.}) 41. Qxg7 Qxc5 42. Qxh7+ Kg5 43. Qg7+ Kh5 44. Qh7+ Kg5 45. h4+ Kf6 46. Qh6+ {[%mdl 1024] White has strong compensation.} Ke5 $2 (46... Ke7 47. Rd1 Bd5) 47. Qf4+ $2 (47. Rd1) 47... Ke6 48. Rd1 Rd8 $2 (48... Bd5 49. Rd4 Qd6) 49. Qh6+ Ke5 50. Qg7+ Ke6 {[#]} 51. Qh6+ $2 ({White has to play} 51. Qg6+ $1 $18 Ke5 52. Rd4) 51... Ke5 $1 $11 52. Rf1 ({Weaker is} 52. Qg7+ Ke6 $18) 52... Bxd7 53. Rd1 Qe7 54. g4 {Strongly threatening c4.} (54. Qb6 $5 {[%cal Rc3c4]} Rc8 55. Qd4+ Ke6 56. Qd5+ Kf6 57. Qxd7 Qxd7 58. Rxd7 $16) 54... Rg8 55. c4 $2 {[%mdl 8192]} (55. g5 $11 {and White stays safe.} Be6 56. Rb1) 55... Rxg4+ $19 {Black is clearly winning.} 56. Kf1 {[%csl Gc4][%cal Rd1d5]} Be6 57. Qh8+ Qg7 58. Qb8+ Kf6 {( -> ...Rg1+)} 59. Qd8+ Kf7 {Precision: White = 55%, Black = 48%.} (59... Kg6 $142 60. Qe8+ Kh6 61. Qxe6+ Rg6 62. Qxg6+ Qxg6) 0-1

[Event "EICC 2017"]
[Site "Minsk"]
[Date "2017.06.09"]
[Round "10"]
[White "Grigoriants, Sergey"]
[Black "Kravtsiv, Martyn"]
[Result "0-1"]
[WhiteElo "2576"]
[BlackElo "2653"]
[Annotator "TA"]
[PlyCount "62"]
[EventDate "2017.??.??"]
[EventCountry "BLR"]
[SourceTitle "playchess.com"]
[Source "ChessBase"]
[SourceQuality "1"]

{[%evp 26,62,7,0,14,0,0,0,0,-18,0,-26,-20,-29,-29,-30,-21,-20,-29,-13,-17,-59,-56,-62,-40,-58,-45,-85,-65,-176,-182,-182,-174,-170,-169,-178,-133,-560,-556]} 1. e4 e5 2. Nf3 Nc6 3. Bb5 {[%cal Bf1b5,Bb5a4,Ba4b3][%mdl 32]} a6 4. Ba4 Nf6 5. O-O Be7 6. d3 b5 7. Bb3 d6 8. a3 O-O 9. Nc3 Bg4 10. Be3 Nd4 {C84: Closed Ruy Lopez: Unusual White 6th moves} 11. Bxd4 exd4 12. Nd5 {[%cal Bc3d5,Bd5f4,Bf4e2][%mdl 32]} Nd7 13. h3 Bxf3 14. Qxf3 {LiveBook: 39 Games} a5 {[%cal Ba6a5,Ba5a4][%mdl 32] [#]} 15. Nf4 $146 ({Predecessor:} 15. Nxe7+ Qxe7 16. Qg3 a4 17. Ba2 Qe5 18. f4 {0-1 (35) Mista,A (2588)-Wagner,D (2543) Germany 2017}) 15... a4 16. Ba2 Rb8 17. Qh5 c6 18. Ne2 (18. Qg4 $5 {[%cal Rf4e6]}) 18... Bf6 19. f4 b4 20. axb4 Rxb4 21. Rab1 g6 22. Qf3 Qe7 23. e5 dxe5 24. Qxc6 Kg7 25. fxe5 Bxe5 26. Kh1 Nf6 27. c3 (27. Bc4 $15) 27... dxc3 $19 28. bxc3 Rxb1 29. Rxb1 Bb8 30. Qf3 Nh5 {Threatens to win with ...Qxe2!} 31. g4 $2 {[%mdl 8192] [#]} (31. Qe4 $17 {is a better chance.} Qxe4 32. dxe4) 31... Qxe2 $1 {[%mdl 512] Precision: White = 16%, Black = 87%.} 0-1

[Event "EICC 2017"]
[Site "Minsk"]
[Date "2017.06.09"]
[Round "10"]
[White "Abasov, Nijat"]
[Black "Sargissian, Gabriel"]
[Result "1/2-1/2"]
[WhiteElo "2575"]
[BlackElo "2650"]
[Annotator "TA"]
[PlyCount "28"]
[EventDate "2017.??.??"]
[EventCountry "BLR"]
[SourceTitle "playchess.com"]
[Source "ChessBase"]
[SourceQuality "1"]

{[%evp 9,28,18,27,18,27,18,32,30,43,38,60,44,51,27,51,0,47,0,51,0,46]} 1. d4 Nf6 2. c4 e6 3. Nf3 d5 4. Nc3 a6 5. cxd5 exd5 6. Bg5 {D37: Queen's Gambit Declined: 5 Bf4} (6. Bf4 Bd6 7. Bg3 O-O 8. e3 Bf5 9. Qb3 Bxg3 10. hxg3 Nc6 11. Be2 Qd6 12. O-O Ne7 13. Ne5 h5 {0-1 (39) Karjakin,S (2783)-Adams,M (2761) Shamkir 2017}) 6... c6 7. e3 Nbd7 8. Bd3 {White is slightly better.} h6 9. Bh4 {[%cal Bg5h4,Bh4g3,Bg3e5][%mdl 32]} g5 $146 ({Predecessor:} 9... Be7 10. O-O O-O 11. Qc2 Re8 12. Bg3 Nf8 13. h3 b6 14. Rfd1 Bb7 15. Rac1 Ne6 16. Qe2 Bd6 17. Ne5 c5 18. Bb1 Qe7 19. f4 Rad8 20. Qc2 cxd4 21. exd4 {1-0 (37) Egorov,P (2245)-Bujakevich,A (2134) Moscow 2017}) 10. Bg3 Nh5 11. Be5 Ng7 12. Bg3 Nh5 13. Be5 Ng7 14. Bg3 Nh5 1/2-1/2

[Event "EICC 2017"]
[Site "Minsk"]
[Date "2017.06.09"]
[Round "10"]
[White "Bocharov, Dmitry"]
[Black "Kuzubov, Yuriy"]
[Result "0-1"]
[WhiteElo "2574"]
[BlackElo "2637"]
[Annotator "TA"]
[PlyCount "156"]
[EventDate "2017.??.??"]
[EventCountry "BLR"]
[SourceTitle "playchess.com"]
[Source "ChessBase"]
[SourceQuality "1"]

{[%evp 17,156,11,18,13,26,22,28,35,37,2,18,15,8,19,8,0,6,7,38,22,30,31,16,6,16,13,22,-5,27,22,15,-50,-46,-45,0,0,0,0,0,0,-16,-151,-151,-143,-133,-148,-151,-205,-206,-210,-156,-146,-155,-146,-152,-155,-140,-216,-154,-164,-171,-210,-203,-312,-194,-212,-47,-49,-51,-58,-56,-47,-47,-58,-21,-71,-77,-89,-12,-45,0,-8,-7,-13,0,0,0,0,0,0,0,0,0,0,0,0,0,0,0,0,0,0,0,0,0,0,0,0,0,-893,-666,-564,-526,-1095,-1078,-429,-1018,-945,-937,-1188,-1101,-620,-447,-1450,-1130,-10363,-11685,-5600,-2535,-29975,-29976,-29975,-29976,-29979,-29977,-29984,-29981,-29985,-29986,-29987,-29986]} 1. c4 e5 2. d3 Nf6 3. Nf3 Nc6 4. a3 g6 5. g3 Bg7 6. Nc3 h6 7. Bg2 O-O 8. O-O d6 9. b4 {A26: English Opening vs King's Indian with ...Nc6 and d3} (9. Nd2 Ne7 10. b4 c6 11. e4 Be6 12. Bb2 Rc8 13. Ne2 Qd7 14. d4 Rfd8 15. Qc2 Bh3 16. Rad1 Bxg2 17. Kxg2 exd4 18. Bxd4 {1-0 (55) Topalov,V (2761)-Aronian,L (2792) Leuven 2016}) 9... a6 {LiveBook: 7 Games} 10. Bb2 Be6 11. Rc1 {White has an edge.} Qd7 12. e4 $146 ({Predecessor:} 12. Nd2 Rab8 13. Nd5 Ne7 14. Nxf6+ Bxf6 15. d4 Bg7 16. dxe5 dxe5 {½-½ (55) Gurevich,M (2633)-Batsiashvili,N (2292) Izmir 2007}) 12... Bg4 13. Ne2 Nh7 14. Nd2 {[%cal Bf3d2,Bd2b3,Bb3d4][%mdl 32]} Ng5 15. h4 Nh7 16. Kh2 Qe7 17. Nb3 Bd7 18. d4 exd4 19. Nbxd4 Ne5 {aiming for ...c5.} 20. c5 dxc5 21. Rxc5 c6 22. Rc1 b5 23. Rc5 Nf6 24. Qc2 (24. Bc3 $11) 24... Nc4 $15 25. Bc1 Rfe8 {[%cal Rf6e4]} 26. Nxc6 Bxc6 27. Rxc6 Qd7 $36 {[%mdl 2048] Black has some pressure.} 28. Rc5 Bf8 $1 29. Kg1 (29. Rxc4 $11 bxc4 30. Qxc4) 29... Bxc5 $17 30. bxc5 Rac8 31. Rd1 Qe7 32. c6 (32. Bxh6 $17 Rxc5 33. Nc3) 32... Rxc6 $19 33. e5 Rcc8 ({Not} 33... Nxe5 34. Bxc6 Nxc6 35. Qxc6 $15) 34. exf6 Qxe2 35. Qxe2 Rxe2 36. Bxh6 Nxa3 37. Rd7 (37. h5 $17 gxh5 38. Rd5) 37... Re6 38. Bb7 Rce8 39. Bg5 Nc4 40. Kg2 (40. Rc7 {keeps fighting.}) 40... Ne5 41. Rc7 Ng4 $2 (41... Rf8 $19 {And now ...b4 would win.} 42. Re7 Ng4) 42. Bd5 $15 Nxf6 43. Bxe6 Rxe6 {[%mdl 4096] Endgame KRB-KRN} 44. Kf3 Nd5 45. Rb7 Nb4 46. Bd2 {Rb8+ is the strong threat.} Nc6 $1 47. Bc3 Ne5+ (47... f5 $1 $17) 48. Kf4 (48. Ke4 $5 {[%cal Rb7b8]} Nc6+ 49. Kd5 $15) 48... f6 (48... Nd3+ {feels hotter.} 49. Kf3 f5 50. Rd7 Nc5 51. Ra7 Ne4) 49. g4 Nd3+ 50. Kf3 Rc6 51. Bd4 Ne5+ (51... Ne1+ {seems wilder.} 52. Kg3 Rd6 53. Be3 Nd3 54. Rb8+ Kf7) 52. Bxe5 fxe5 $11 {KR-KR} 53. g5 Rc8 54. Ke4 a5 {[%cal Ba6a5,Ba5a4,Ba4a3][%mdl 32]} 55. Rxb5 Ra8 56. Rb6 Kf7 57. Rb7+ Kf8 58. Kxe5 a4 59. Rb2 Ke7 60. Kd5 a3 61. Ra2 Ra4 62. f4 Kf7 63. Kd6 $2 {[%mdl 8192] [#]} (63. Ke5 $11) 63... Ra5 $1 $19 64. Kd7 {[#] intending Kd6.} Ra6 $1 {[%cal Ra6a7]} 65. Kc7 Ke6 66. Kb7 Ra4 67. Kb6 Kf5 68. Kb5 Ra8 69. Kc4 Ra7 70. Kd4 (70. Kd3 $142 Kxf4 71. h5) 70... Kxf4 71. h5 gxh5 72. g6 h4 {[%cal Bh5h4,Bh4h3][%mdl 32]} 73. Ra1 h3 {Black mates.} 74. Rf1+ Kg5 75. Rg1+ Kf6 76. Kc3 a2 77. Ra1 Kxg6 78. Kb2 Kh5 {Precision: White = 40%, Black = 65%.} 0-1

[Event "EICC 2017"]
[Site "Minsk"]
[Date "2017.06.09"]
[Round "10"]
[White "Svane, Rasmus"]
[Black "Bluebaum, Matthias"]
[Result "0-1"]
[WhiteElo "2573"]
[BlackElo "2632"]
[Annotator "TA"]
[PlyCount "78"]
[EventDate "2017.??.??"]
[EventCountry "BLR"]
[SourceTitle "playchess.com"]
[Source "ChessBase"]
[SourceQuality "1"]

{[%evp 23,78,0,0,0,0,0,0,-6,8,20,20,21,50,14,9,21,23,14,12,9,14,18,21,20,14,18,24,19,16,10,30,28,71,58,89,90,77,64,101,-277,-272,-397,-399,-414,-414,-634,-633,-624,-616,-5405,-5397,-1764,-502,-556,-441,-611,-606]} 1. c4 e6 2. g3 d5 3. Bg2 Nf6 {[%cal Bg8f6,Bf6d5,Bd5c3][%mdl 32]} 4. d4 dxc4 5. Nf3 Nc6 6. Qa4 Bb4+ 7. Bd2 Nd5 8. Qb5 {E04: Open Catalan: 5 Nf3} Bxd2+ 9. Nbxd2 c3 10. bxc3 Nxc3 11. Qd3 Nd5 12. O-O O-O {LiveBook: 34 Games} 13. Rfc1 {[#]} Rb8 $146 ({Predecessor:} 13... Qe7 14. a3 Rd8 15. h4 h6 {0-1 (42) Vallejo Pons,F (2711)-Aleksandrov,A (2574) Doha 2016}) 14. Rab1 {Strongly threatening Rxc6!} Bd7 15. Ne4 Nce7 16. Neg5 {[%csl Gg5][%cal Rd3h7]} Nf6 17. Ne5 b6 18. Ng4 {Nxf6+ would kill now.} (18. Qa6 {looks sharper.} c5 19. dxc5 Qc7 20. Nxd7 Qxd7 21. c6) 18... Ng6 $132 {[%mdl 2048] Black has counterplay} 19. Nxf6+ gxf6 20. Ne4 f5 21. Nd2 Bc8 22. Nc4 Ba6 23. Qa3 Bxc4 $1 24. Rxc4 c5 25. dxc5 bxc5 26. Rbc1 Qe7 27. Rxc5 Rfd8 {[%cal Bf8d8,Bd8d7,Bd7d3,Bd3f3,Bf3f5][%mdl 32]} 28. Qc3 Rd7 29. h4 Rbd8 30. Bf3 Nf8 31. e4 $2 {[%mdl 8192]} (31. a4 $16 {stays on course.}) 31... Rd3 $19 32. Qb2 (32. Qe1 $142 Rxf3 33. exf5) 32... Rxf3 33. Rc7 Qd6 34. Qf6 (34. exf5 $142 Rxf5 35. R7c6) 34... fxe4 {Black is clearly winning.} 35. Qg5+ Kh8 36. Rc8 Rxc8 37. Rxc8 {[#]} Rf5 (37... e3 $142 $1 {( -> ...Qd1+)} 38. Kg2 {[#]} (38. fxe3 Qd1+) 38... exf2 $1 {[%mdl 512]}) 38. Qe3 Kg8 39. Qe2 h5 {Precision: White = 59%, Black = 55%.} 0-1

[Event "EICC 2017"]
[Site "Minsk"]
[Date "2017.06.09"]
[Round "10"]
[White "Gabuzyan, Hovhannes"]
[Black "Kharchenko, Boris"]
[Result "1/2-1/2"]
[WhiteElo "2570"]
[BlackElo "2468"]
[Annotator "TA"]
[PlyCount "90"]
[EventDate "2017.??.??"]
[EventCountry "BLR"]
[SourceTitle "playchess.com"]
[Source "ChessBase"]
[SourceQuality "1"]

{[%evp 11,90,-24,11,7,6,14,29,-21,-13,-24,-21,-24,-21,-24,-21,-21,-21,-31,-23,-31,0,-3,0,-16,-14,-41,9,-21,22,22,25,0,0,0,0,-7,0,-30,-24,-29,-37,-35,0,0,0,0,0,0,0,0,0,-7,-7,-7,-7,-8,-7,-8,-7,-8,-8,-8,-8,-8,-8,-8,-8,-8,0,0,0,0,0,0,0,0,0,0,0,0,0]} 1. Nf3 d5 2. g3 Nf6 3. Bg2 e6 4. O-O Be7 5. d3 O-O 6. Nbd2 Nc6 7. d4 {A07: Réti Opening: New York and Capablanca Systems} Ne4 8. c3 f5 9. Nb3 $146 {White has an edge.} ({Predecessor:} 9. Ne1 e5 10. dxe5 Nxe5 11. Nd3 Ng6 12. c4 Be6 13. cxd5 Nxd2 14. dxe6 Nxf1 15. Kxf1 {½-½ (49) Kramnik,V (2801)-Aronian,L (2792) Zuerich 2016}) 9... b6 10. Bf4 g5 11. Ne5 Bb7 {[%cal Bc8b7,Bb7c6,Bc6b5][%mdl 32]} 12. Nxc6 Bxc6 13. Be5 Nd6 14. Nc1 Nf7 15. Nd3 Bb5 16. a4 Ba6 17. b4 c6 (17... c5 $5) 18. Re1 Qd7 (18... c5 $5) 19. Qd2 Rac8 (19... Bxd3 $5 20. exd3 a5 $11) 20. Qe3 Rfe8 21. Bf3 Bxd3 22. exd3 Nxe5 23. Qxe5 Bd6 24. Qe3 (24. Qf6 {looks sharper.} g4 25. Bd1 Qf7 26. Qxf7+ Kxf7 27. a5) 24... Qg7 25. b5 g4 {[#] Strongly threatening ...f4.} 26. Bg2 c5 27. dxc5 {The position is equal.} Bxc5 28. d4 Bd6 29. f4 gxf3 30. Qxf3 Kh8 31. Kh1 Qh6 32. a5 Rg8 {[%cal Be8g8,Bg8g6,Bg6h6][%mdl 32] [#] Hoping for ...Bxg3.} 33. Qe3 Rg6 {White must now prevent ...Bxg3.} 34. Qxh6 Rxh6 35. axb6 axb6 {aiming for ...Bxg3.} 36. Kg1 f4 {[%cal Bf5f4,Bf4g3,Bg3h2][%mdl 32]} 37. Ra6 fxg3 38. Rxb6 gxh2+ 39. Kh1 Bf4 40. Rf1 Rg8 41. Rxf4 Rxg2 $1 {[%csl Gh2][%cal Rg2g1]} 42. Rb8+ Kg7 {[%csl Gh2][%cal Rg2g1]} 43. Rb7+ Kg8 {[%csl Gh2][%cal Rg2g1]} (43... Kg6 $5 44. Rf1 $8 Rb2 $11) 44. Rb8+ Kg7 {[%csl Gh2][%cal Rg2g1]} 45. Rb7+ Kg8 {Precision: White = 65%, Black = 67%.} (45... Kg6 $5 46. Rf1 $8 Rb2 $11) 1/2-1/2